<?xml version="1.0" encoding="UTF-8"?>
<record
    xmlns:xsi="http://www.w3.org/2001/XMLSchema-instance"
    xsi:schemaLocation="http://www.loc.gov/MARC21/slim http://www.loc.gov/standards/marcxml/schema/MARC21slim.xsd"
    xmlns="http://www.loc.gov/MARC21/slim">

  <leader>03236nam a22005297a 4500</leader>
  <controlfield tag="001">BRCA_9213</controlfield>
  <controlfield tag="003">FranzMayer</controlfield>
  <controlfield tag="005">20220809125934.0</controlfield>
  <controlfield tag="008">220722b        |||||||| |||| 00| 0 eng d</controlfield>
  <datafield tag="022" ind1=" " ind2=" ">
    <subfield code="a">11321245</subfield>
  </datafield>
  <datafield tag="040" ind1=" " ind2=" ">
    <subfield code="b">spa</subfield>
    <subfield code="c">MFM</subfield>
  </datafield>
  <datafield tag="041" ind1=" " ind2=" ">
    <subfield code="a">spa</subfield>
  </datafield>
  <datafield tag="050" ind1=" " ind2=" ">
    <subfield code="a">DP402.M2 </subfield>
    <subfield code="b">P46 2019</subfield>
  </datafield>
  <datafield tag="210" ind1=" " ind2=" ">
    <subfield code="a">P&#xE9;ndulo M&#xE1;laga</subfield>
  </datafield>
  <datafield tag="222" ind1=" " ind2=" ">
    <subfield code="a">P&#xE9;ndulo (M&#xE1;laga)</subfield>
  </datafield>
  <datafield tag="245" ind1="0" ind2="0">
    <subfield code="a">P&#xE9;ndulo : </subfield>
    <subfield code="b">Revista de Ingenier&#xED;a y Humanidades</subfield>
  </datafield>
  <datafield tag="260" ind1=" " ind2=" ">
    <subfield code="a">M&#xE1;laga, Espa&#xF1;a : </subfield>
    <subfield code="b">Colegio Oficial de Ingenieros T&#xE9;cnicos Industriales de M&#xE1;laga, </subfield>
    <subfield code="c">2019</subfield>
  </datafield>
  <datafield tag="300" ind1=" " ind2=" ">
    <subfield code="a">218 p. : </subfield>
    <subfield code="b">il. fot. map. ; </subfield>
    <subfield code="c">24 x 30 cm.</subfield>
  </datafield>
  <datafield tag="310" ind1=" " ind2=" ">
    <subfield code="a">Anual</subfield>
  </datafield>
  <datafield tag="362" ind1=" " ind2=" ">
    <subfield code="a">1991-2020</subfield>
  </datafield>
  <datafield tag="440" ind1=" " ind2=" ">
    <subfield code="v">30</subfield>
    <subfield code="x">11321245</subfield>
    <subfield code="a">P&#xE9;ndulo</subfield>
    <subfield code="9">28481</subfield>
  </datafield>
  <datafield tag="500" ind1=" " ind2=" ">
    <subfield code="a">Ubicaci&#xF3;n: L60-N1</subfield>
  </datafield>
  <datafield tag="500" ind1=" " ind2=" ">
    <subfield code="a">Incluye imagen de la Colecci&#xF3;n Museo Franz Mayer (pp. 128-129)</subfield>
  </datafield>
  <datafield tag="500" ind1=" " ind2=" ">
    <subfield code="a">Algunos n&#xFA;meros fueron publicados juntos, por ejemplo, 3/4 (Diciembre 1992/Marzo 1993).Ning&#xFA;n n&#xFA;mero publicado en 1998-1990 y 2005.</subfield>
  </datafield>
  <datafield tag="505" ind1="2" ind2=" ">
    <subfield code="t">Carta del Decano / </subfield>
    <subfield code="r">Jos&#xE9; Zayas L&#xF3;pez</subfield>
  </datafield>
  <datafield tag="505" ind1="2" ind2=" ">
    <subfield code="t">Toma de posesi&#xF3;n de la nueva Junta de Gobierno</subfield>
  </datafield>
  <datafield tag="505" ind1="2" ind2=" ">
    <subfield code="t">Omnibus / </subfield>
    <subfield code="r">Manuel Olmedo Checa</subfield>
  </datafield>
  <datafield tag="505" ind1="2" ind2=" ">
    <subfield code="t">Tolox. Un pueblo llamado de las flores, del agua, y coraz&#xF3;n del futuro Parque Nacional de la Sierra de las Nieves / </subfield>
    <subfield code="r">Virgilio Ruiz Gallardo</subfield>
  </datafield>
  <datafield tag="505" ind1="2" ind2=" ">
    <subfield code="t">El aula Museo de Geolog&#xED;a de M&#xE1;laga. Una deuda hist&#xF3;rica amortizada tras 144 a&#xF1;os sin un museo de geolog&#xED;a en la ciudad / </subfield>
    <subfield code="r">Juan Carlos Romero Silva</subfield>
  </datafield>
  <datafield tag="505" ind1="2" ind2=" ">
    <subfield code="t">La primera vuelta al mundo / </subfield>
    <subfield code="r">Marcelino Gonz&#xE1;lez Fern&#xE1;ndez</subfield>
  </datafield>
  <datafield tag="505" ind1="2" ind2=" ">
    <subfield code="t">El patrimonio de la Cueva de Nerja. La gesti&#xF3;n de investigaci&#xF3;n y conservaci&#xF3;n / </subfield>
    <subfield code="r">Luis-Efr&#xE9;n Fern&#xE1;ndez Rodr&#xED;guez, Yolanda del rosal Padial y Cristina Li&#xF1;&#xE1;n Baena</subfield>
  </datafield>
  <datafield tag="505" ind1="2" ind2=" ">
    <subfield code="t">El Conde de Aranda y su impronta en la Independencia de Estados Unidos / </subfield>
    <subfield code="r">Pedro Jos&#xE9; L&#xF3;pez Correas</subfield>
  </datafield>
  <datafield tag="505" ind1="2" ind2=" ">
    <subfield code="t">L&#xED;deres del renacimiento espa&#xF1;ol: el Gran Capit&#xE1;n / </subfield>
    <subfield code="r">Germ&#xE1;n Segura Garc&#xED;a</subfield>
  </datafield>
  <datafield tag="505" ind1="2" ind2=" ">
    <subfield code="t">El Gran Capit&#xE1;n y el origen de la bandera de M&#xE1;laga / </subfield>
    <subfield code="r">Hugo V&#xE1;zquez Bravo y Ram&#xF3;n Vega Piniella</subfield>
  </datafield>
  <datafield tag="505" ind1="2" ind2=" ">
    <subfield code="t">El ferrocarril de la Costa del Sol. Muchas oportunidades perdidas / </subfield>
    <subfield code="r">Miguel Rojo Moreno</subfield>
  </datafield>
  <datafield tag="505" ind1="2" ind2=" ">
    <subfield code="t">el Nacimiento de un barrio. La Malagueta: 1783/1834 / </subfield>
    <subfield code="r">Francisco Cabrera Pablos</subfield>
  </datafield>
  <datafield tag="505" ind1="2" ind2=" ">
    <subfield code="t">Bernardo de G&#xE1;lvez, un gobernante ilustrado y bondadoso / </subfield>
    <subfield code="r">Alfonso V&#xE1;zquez Garc&#xED;a</subfield>
  </datafield>
  <datafield tag="505" ind1="2" ind2=" ">
    <subfield code="t">La alameda principal. Historia de un paseo ilustrado / </subfield>
    <subfield code="r">Mar&#xED;a del Rosario Barrionuevo Serrano</subfield>
  </datafield>
  <datafield tag="505" ind1="2" ind2=" ">
    <subfield code="t">San Juan de Ul&#xFA;a, puente de uni&#xF3;n entre Espa&#xF1;a y M&#xE9;xico / </subfield>
    <subfield code="r">Alfredo Hern&#xE1;ndez Murillo</subfield>
  </datafield>
  <datafield tag="505" ind1="2" ind2=" ">
    <subfield code="t">La Colonizaci&#xF3;n Fenicia en la Costa de V&#xE9;lez-M&#xE1;laga / </subfield>
    <subfield code="r">Emilio Mart&#xED;n C&#xF3;rdoba</subfield>
  </datafield>
  <datafield tag="505" ind1="2" ind2=" ">
    <subfield code="t">&#xBF;Amigos o enemigos? Noticias de la interacci&#xF3;n de Bernardo de G&#xE1;lvez con algunos nativos de Luisiana en documentos del Archivo General de Indias / </subfield>
    <subfield code="r">Antonio S&#xE1;nchez de Mora</subfield>
  </datafield>
  <datafield tag="505" ind1="2" ind2=" ">
    <subfield code="t">La Jornada del Brasil, 1625. P&#xE9;rdida, sitio y recuperaci&#xF3;n de Salvador de Bah&#xED;a / </subfield>
    <subfield code="r">Hugo A. Ca&#xF1;ete</subfield>
  </datafield>
  <datafield tag="505" ind1="2" ind2=" ">
    <subfield code="t">Dos apuntes complementarios a los acertados trabajos que sobre el Gran Capit&#xE1;n se publican en este n&#xFA;mero de P&#xE9;ndulo / </subfield>
    <subfield code="r">Manuel Olmedo Checa</subfield>
  </datafield>
  <datafield tag="651" ind1=" " ind2=" ">
    <subfield code="a">M&#xE1;laga</subfield>
    <subfield code="v">Revistas</subfield>
    <subfield code="x">Historia</subfield>
    <subfield code="9">28482</subfield>
  </datafield>
  <datafield tag="942" ind1=" " ind2=" ">
    <subfield code="2">lcc</subfield>
    <subfield code="c">H</subfield>
  </datafield>
  <datafield tag="999" ind1=" " ind2=" ">
    <subfield code="c">10832</subfield>
    <subfield code="d">10832</subfield>
  </datafield>
  <datafield tag="952" ind1=" " ind2=" ">
    <subfield code="0">0</subfield>
    <subfield code="1">0</subfield>
    <subfield code="2">lcc</subfield>
    <subfield code="4">0</subfield>
    <subfield code="7">0</subfield>
    <subfield code="a">BRCA</subfield>
    <subfield code="b">BRCA</subfield>
    <subfield code="d">2022-07-22</subfield>
    <subfield code="o">DP402.M2  P46 2019</subfield>
    <subfield code="p">CONT9997</subfield>
    <subfield code="r">2022-07-22 00:00:00</subfield>
    <subfield code="w">2022-07-22</subfield>
    <subfield code="y">H</subfield>
  </datafield>
  <datafield tag="952" ind1=" " ind2=" ">
    <subfield code="0">0</subfield>
    <subfield code="1">0</subfield>
    <subfield code="2">lcc</subfield>
    <subfield code="4">0</subfield>
    <subfield code="7">0</subfield>
    <subfield code="a">BRCA</subfield>
    <subfield code="b">BRCA</subfield>
    <subfield code="d">2022-07-22</subfield>
    <subfield code="o">DP402.M2  P46 2019</subfield>
    <subfield code="p">CONT9998</subfield>
    <subfield code="r">2022-07-22 00:00:00</subfield>
    <subfield code="w">2022-07-22</subfield>
    <subfield code="y">H</subfield>
  </datafield>
</record>
